000 00837nam a2200205 4500
008 040907t20041983cc ac 000 0achi d
020 _a9627048143
020 _a9789627048145
090 _aBV3427.B46
_bB45
_b2004
100 1 _aBerntsen, Annie Skau,
_d1911-1992.
245 1 0 _a陝西羚蹤 = Shanxi ling zong = Trails of glad tidings in Shan Xi :
_b司務道教士自傳之一Siwudao jiao shi zi zhuan zhi yi = an autobiography I of Sister Annie Skau Berntsen {ch} /
_cAnnie Skau Berntsen.
260 _a[Xianggang] :
_bLing shi yi yuan ling shi fu yin bu dao tuan,
_c2004, c1983.
300 _axxii, 176 p. :
_bill., ports. ;
_c19 cm.
600 1 4 _aBerntsen, Annie Skau,
_d1911-1992 [ch}.
650 4 _aMissionaries
_zChina
_vBiography {ch}.
700 1 _aShang, Weirui.
942 _2lcc
_cBK
951 _x00039976
999 _c35251
_d35251